Reformas inmediatas a la Ley Federal del Trabajo para incluir a los profesionalistas (Record no. 59013)
[ view plain ]
| 000 -LEADER | |
|---|---|
| campo de control de longitud fija | 00574nam a2200157 i 4500 |
| 001 - NÚMERO DE CONTROL | |
| campo de control | 59013 |
| 003 - IDENTIFICADOR DE NÚMERO DE CONTROL | |
| campo de control | ES-MaACL |
| 005 - FECHA Y HORA DE LA ÚLTIMA TRANSACCIÓN | |
| campo de control | 20230906163937.0 |
| 007 - CAMPO FIJO DE DESCRIPCIÓN FÍSICA--INFORMACIÓN GENERAL | |
| campo de control de longitud fija | t| |
| 008 - DATOS DE LONGITUD FIJA--INFORMACIÓN GENERAL | |
| campo de control de longitud fija | 031027s1935 mx ||||1| spa d |
| 100 1# - ENTRADA PRINCIPAL--NOMBRE DE PERSONA | |
| Nombre de persona | Echanove Trujillo, Carlos A. |
| 9 (RLIN) | 46493 |
| 245 10 - MENCIÓN DEL TÍTULO | |
| Título | Reformas inmediatas a la Ley Federal del Trabajo para incluir a los profesionalistas |
| Resto del título | : ponencia presentada por el autor al Segundo Congreso Nacional de Profesionistas Organizados / |
| Mención de responsabilidad, etc. | Carlos A. Echanove Trujillo. |
| 260 ## - PUBLICACIÓN, DISTRIBUCIÓN, ETC. | |
| Lugar de publicación, distribución, etc. | México : |
| Nombre del editor, distribuidor, etc. | [s.n.], |
| Fecha de publicación, distribución, etc. | 1935. |
| 300 ## - DESCRIPCIÓN FÍSICA | |
| Extensión | 18 p. |
| 852 ## - LOCALIZACIÓN | |
| Ubicación | ES-MaACL |
| Número de control de estantería | 1820-F-7 |
| Estatus retirado | Estado de pérdida | Estado de daño | No para préstamo | Colección | Biblioteca de origen | Biblioteca actual | Ubicación en estantería | Fecha de adquisición | Fuente de adquisición | Total de préstamos | Signatura topográfica completa | Código de barras | Visto por última vez | Precio de reemplazo | Tipo de ítem Koha |
|---|---|---|---|---|---|---|---|---|---|---|---|---|---|---|---|
| Colección de folletos | Biblioteca del Ateneo de Madrid | Biblioteca del Ateneo de Madrid | Depósito folletos | 17/01/2008 | 1820-F-7 | 1061904 | 23/02/2023 | 23/02/2023 | Folleto |
